Οι νόμοι της απλότητας : σχεδιασμός, τεχνολογία, επιχειρήσεις, ζωή
Αποθηκεύτηκε σε:
| Κύριος συγγραφέας: | |
|---|---|
| Μορφή: | Βιβλίο |
| Γλώσσα: | Greek English |
| Δημοσίευση: |
Αθήνα :
Παπασωτηρίου,
2009.
|
| Θέματα: | |
| Ετικέτες: |
Προσθήκη ετικέτας
Δεν υπάρχουν, Καταχωρήστε ετικέτα πρώτοι!
|
MARC
| LEADER | 00000cam a2200000 i 4500 | ||
|---|---|---|---|
| 001 | 1/39393 | ||
| 008 | 131218s2009 gr | ||| |||| ||gre|| | ||
| 020 | |a 9607182383 | ||
| 020 | |a 9789607182388 | ||
| 035 | |l 10116193 | ||
| 040 | |a GR-MyUa |b gre |e AACR2 | ||
| 041 | 1 | |a gre |h eng | |
| 082 | 7 | |a 650.1 |2 (22) | |
| 100 | 1 | |a Maeda, John. | |
| 245 | 1 | 3 | |a Οι νόμοι της απλότητας : |b σχεδιασμός, τεχνολογία, επιχειρήσεις, ζωή / |c John Maeda ; απόδοση Ελένη Γκαγκάτσιου. |
| 260 | |a Αθήνα : |b Παπασωτηρίου, |c 2009. | ||
| 300 | |a xiii, 131 σ. ; |c 21 εκ. | ||
| 504 | |a Βιβλιογραφία: σ. 125-127. Ευρετήριο. | ||
| 650 | 0 | |a Systems engineering. | |
| 765 | 0 | 8 | |i Μετάφραση του: |t The laws of simplicity / |
| 852 | |a INST |b SYROS |c EUDOXUS |e 20131218 |h 650.1 MAE |p 005500011178 |q 005500011178 |t EDX |y 0 | ||
| 852 | |a INST |b SYROS |c EUDOXUS |e 20131218 |h 650.1 MAE |p 005500011179 |q 005500011179 |t EDX |y 0 | ||
| 901 | |a BIBL5-2013-1 | ||
| 920 | |a Εύδοξος |b Παραγγελία |y Σύρος-ΤΜΣΠΣ |z 2013-05 | ||
| 970 | |a Κοντού |b Παρασκευή |z 18/12/2013 | ||